000 00431nam a2200181Ia 4500
001 18937
005 20260306171707.0
008 260306s9999||||xx |||||||||||||| ||und||
041 _aESP
082 _a658.562
_bJ92 V. 1
100 _aJuran, J.M.
_eAUT
245 0 _aManual de control de la calidad
260 _c1990
300 _axi, 747 páginas :
_c23 cm.
650 _aGEN
654 _aCAN
942 _cLIB
_dJUS
_fJUS
_2ddc
_n
999 _c18937
_d18937